Vplyv starnutia na vlastnosti magnetických kompozitných materiálov bakalárska práca

Saved in:
Bibliographic Details
Main Author: Šištík, Michal
Format: Book
Language:Slovak
Published: Bratislava STU FCHPT 2015
Online Access:View in OPAC
Tags: Add Tag
No Tags, Be the first to tag this record!

MARC

LEADER 00000nam a2200000 a 4500
005 20260127133954.0
008 151125 2015 000 0 slo d
035 |a vtls011424256 
039 9 |y 201511250926  |z mschk03 
040 |a STUSCHK1  |b slo  |c STUSCHK1  |e AACR2 
100 1 |a Šištík, Michal 
245 1 |a Vplyv starnutia na vlastnosti magnetických kompozitných materiálov  |b bakalárska práca  |c Michal Šištík 
260 |a Bratislava  |b STU FCHPT  |c 2015 
300 |a 58 s.  |b il.  |c 25 cm 
500 |a Študijný program: chémia, medicínska chémia a chemické materiály 
500 |a Študijný odbor: chémia, chemické technológie 
500 |a Školiace pracovisko: Odd. plastov a kaučuku 
500 |a Evid. číslo: FCHPT-13569-42898 
910 |a SCHK95 
999 |c 1216  |d 1216